<?xml version="1.0" encoding="UTF-8"?>
<collection xmlns="http://www.loc.gov/MARC21/slim">
  <record>
    <leader>00000nam  2200000   4500</leader>
    <controlfield tag="001">INLIS000000000019102</controlfield>
    <controlfield tag="005">20250205125020</controlfield>
    <datafield tag="035" ind1="#" ind2="#">
      <subfield code="a">0010-0225000059</subfield>
    </datafield>
    <controlfield tag="007">ta</controlfield>
    <controlfield tag="008">250205################g##########0#ind##</controlfield>
    <datafield tag="082" ind1="#" ind2="#">
      <subfield code="a">959.807</subfield>
    </datafield>
    <datafield tag="084" ind1="#" ind2="#">
      <subfield code="a">959.807 SUK a</subfield>
    </datafield>
    <datafield tag="100" ind1=" " ind2="#">
      <subfield code="a">Sukarno</subfield>
    </datafield>
    <datafield tag="245" ind1="1" ind2="#">
      <subfield code="a">Amanat Proklamasi :</subfield>
      <subfield code="b">pidato pada ulang tahun proklamasi kemerdekaan Indonesia /</subfield>
      <subfield code="c">Sukarno</subfield>
    </datafield>
    <datafield tag="250" ind1="#" ind2="#">
      <subfield code="a">Cetakan ke 1</subfield>
    </datafield>
    <datafield tag="260" ind1="#" ind2="#">
      <subfield code="a">Jakarta :</subfield>
      <subfield code="b">Inti Idayu Press,</subfield>
      <subfield code="c">1986</subfield>
    </datafield>
    <datafield tag="300" ind1="#" ind2="#">
      <subfield code=":"/>
      <subfield code="b">ilus ;</subfield>
      <subfield code="c">21 cm</subfield>
    </datafield>
    <datafield tag="650" ind1="#" ind2="4">
      <subfield code="a">Sejarah Indonesia</subfield>
    </datafield>
    <datafield tag="650" ind1="#" ind2="4">
      <subfield code="a">Politik Pemerintahan</subfield>
    </datafield>
    <datafield tag="520" ind1="#" ind2="#">
      <subfield code="a">"Amanat-amanat Proklamasi ini dibukukan tidak saja dengan maksud memperkaya khazanah perpustakaan kita dengan sebuah buku yang bernilai dokumenter dan yang menjadi sumber bahan bagi penulisan sejarah revolusi Indonesia, melainkan lebih dari pada itu. Penerbitan buku ini dimaksudkan agar menjadi pegangan yang hidup dan senantiasa segar bagi kita "angkatan pelaksana", menjadi sumber ilham yang tiada kering-keringnya bagi generasi sekarang dan generasi-generasi yang akan datang, demikian pula agar menjadi bahan penelitian ilmiah bagi ahli politik, ahli sosiologi, ahli hukum dan sebagainya".</subfield>
    </datafield>
    <datafield tag="990" ind1="#" ind2="#">
      <subfield code="a">02116711</subfield>
    </datafield>
  </record>
</collection>
